Grundlagen der analysis : (Das rechnen mit Ganzen, rationalen, irrationalen, komplexen Zahlen) : erganzung zu den lehrbuchern der differential und integralrechnung
Αποθηκεύτηκε σε:
| Κύριος συγγραφέας: | |
|---|---|
| Άλλοι συγγραφείς: | |
| Μορφή: | Βιβλίο |
| Γλώσσα: | German |
| Δημοσίευση: |
New York :
Chelsea Publishing Company,
1948, c1948
|
| Έκδοση: | 2η έκδ. |
| Θέματα: | |
| Ετικέτες: |
Προσθήκη ετικέτας
Δεν υπάρχουν, Καταχωρήστε ετικέτα πρώτοι!
|
MARC
| LEADER | 00000cam a2200000 a 4500 | ||
|---|---|---|---|
| 001 | 1/107471 | ||
| 008 | 150716r19481930us | ||| |||| ||ger|| | ||
| 040 | |a GR-MyUa |b gre |c GR-MyUa |e AACR2 | ||
| 041 | 0 | |a ger | |
| 082 | 7 | |a 512.7 |2 (23) | |
| 100 | 1 | |a Landau, Edmund, |d 1877-1938. | |
| 245 | 1 | 0 | |a Grundlagen der analysis : |b (Das rechnen mit Ganzen, rationalen, irrationalen, komplexen Zahlen) : erganzung zu den lehrbuchern der differential und integralrechnung / |c von Edmund Landau ; forewords translated by F. Steinhardt. |
| 250 | |a 2η έκδ. | ||
| 260 | |a New York : |b Chelsea Publishing Company, |c 1948, c1948 | ||
| 300 | |a xx, 139 σ. ; |c 20 εκ. | ||
| 500 | |a Published and distributed in the Public Interest by Authority of the Alien Property Custodian under license No. A-938. | ||
| 650 | 0 | |a Number theory. | |
| 650 | 0 | |a Mathematical analysis. | |
| 700 | 1 | |a Steinhardt, F. |e trl | |
| 852 | |a INST |b SAMOS |c MAG |e 20150716 |h 512.7 LAN |p 005300035225 |q 005300035225 |t BK |y 0 | ||
| 970 | |a Σιτζίμη |b Γιασεμή |z 16/07/2015 | ||